Random Geography Trivia - Statistics

General Stats
  • This quiz has been taken 90 times
  • The average score is 12 of 15
Answer Stats
Hint Answer % Correct
Albert Einstein was born in this country Germany
99%
This country has over 5000 nuclear bombs Russia
96%
Justin Bieber was born in this country Canada
95%
This country has the largest population India
95%
This country borders the United Kingdom Ireland
94%
This country has the largest mountain in the world Nepal
94%
This country has the largest economy USA
88%
this country contains the largest building UAE
86%
This country has the closest capital to the South Pole New Zealand
75%
This country has the most islands Sweden
66%
This country started both world wars Austria
64%
This countries capital is Astana Kazakhstan
64%
This country has the lowest population density Mongolia
64%
This country has the most pyramids Sudan
58%
This country was the only African country colonized by Belgium DRC
40%
No matching quizzes found
Score Distribution
Percent of People with Each Score
Percentile by Number Answered
Your Score History
You have not taken this quiz